Every NPC in Dredge - Statistics

General Stats
  • This quiz has been taken 19 times
  • The average score is 15 of 24
Answer Stats
Location(s) NPC % Correct
Greater Marrow/Steel Point Builder
100%
Greater Marrow Mayor
91%
Twisted Strand - Camp Airman
82%
Blackstone Isle Collector
82%
Little Marrow Dockworker
82%
Devil's Spine - Ancient Temple Fanatic
82%
Gale Cliffs - Dusty Pontoon/Stellar Basin - Starlight Pontoon/Twisted Strand - Rickety Pontoon/Devil's Spine - Charred Pontoon Travelling Merchant
82%
Unnamed location in The Marrows Castaway
73%
Unnamed location in Stellar Basin Dog
73%
Greater Marrow Fishmonger
73%
Little Marrow Grieving Father
73%
Varies at makeshift docks/campsites in Devil's Spine, Gale Cliffs, Twisted Strand, and Stellar Basin Old Mayor
73%
Stellar Basin - Old Fortress Researcher
73%
Gale Cliffs - Ruins Hermit
64%
Little Marrow Painter
64%
Gale Cliffs - Ingfell Retired Whaler
64%
Greater Marrow Shipwright
64%
Gale Cliffs - Ingfell Ingfell Resident
55%
Little Marrow Trader
55%
Greater Marrow Lighthouse Keeper
45%
Island between The Marrows and Gale Cliffs Figure in blue
27%
Island between Stellar Basin and Gale Cliffs Figure in gold
27%
Island between Twisted Strand and Devil's Spine Figure in red
27%
Island between The Marrows and Twisted Strand Figure in violet
18%
No matching quizzes found
Score Distribution
Percent of People with Each Score
Percentile by Number Answered
Your Score History
You have not taken this quiz